La tragédie du roi Lear / (Record no. 143898)

MARC details
000 -LEADER
campo de control de longitud fija 00577nam a2200181 4500
001 - NÚMERO DE CONTROL
campo de control 143898
003 - IDENTIFICADOR DE NÚMERO DE CONTROL
campo de control ES-MaACL
005 - FECHA Y HORA DE LA ÚLTIMA TRANSACCIÓN
campo de control 20250716062535.0
007 - CAMPO FIJO DE DESCRIPCIÓN FÍSICA--INFORMACIÓN GENERAL
campo de control de longitud fija t|
008 - DATOS DE LONGITUD FIJA--INFORMACIÓN GENERAL
campo de control de longitud fija 070214s1931 fr r ||||1| fre d
100 1# - ENTRADA PRINCIPAL--NOMBRE DE PERSONA
Nombre de persona Shakespeare, William,
Fechas asociadas al nombre 1564-1616
9 (RLIN) 105992
245 13 - MENCIÓN DEL TÍTULO
Título La tragédie du roi Lear /
Mención de responsabilidad, etc. Shakespeare ; traduction de Jules Derocquigny.
260 ## - PUBLICACIÓN, DISTRIBUCIÓN, ETC.
Lugar de publicación, distribución, etc. Paris :
Nombre del editor, distribuidor, etc. Les Belles Lettres,
Fecha de publicación, distribución, etc. 1931 (
Lugar de fabricación/manufactura Anvers [Bélgica] :
Fabricante Flor Burton)
300 ## - DESCRIPCIÓN FÍSICA
Extensión 274 p. ;
Dimensiones 16 x 12 cm.
700 1# - ENTRADA AGREGADA--NOMBRE PERSONAL
Nombre de persona Derocquigny, Jules.
9 (RLIN) 43785
852 ## - LOCALIZACIÓN
Ubicación ES-MaACL
Número de control de estantería E-1232
Holdings
Estatus retirado Estado de pérdida Estado de daño No para préstamo Biblioteca de origen Biblioteca actual Ubicación en estantería Fecha de adquisición Fuente de adquisición Total de préstamos Signatura topográfica completa Código de barras Visto por última vez Precio de reemplazo Tipo de ítem Koha
        Biblioteca del Ateneo de Madrid Biblioteca del Ateneo de Madrid Depósito 2 17/01/2008     E-1232 1149714 23/02/2023 23/02/2023 Libro impreso